000 00440nam a2200157Ia 4500
020 _a(hb)
082 _a320.9567
_bRIZ
100 _aYaseen- Rizvi
_9462
245 _aThe Renegade
_ba narration of the mother of all retreats
260 _aLahore
_bThe Author
_c1991
300 _a147p
526 _a0
_b0
_c0
_d320_956700000000000_RIZ
650 _aKuwait -- History -- 1990- Iraqi Invasion
_937694
650 _aMCE
_9379
942 _2ddc
_cBK
999 _c542514
_d542514